Business of University Students

Saved in:
Bibliographic Details
Main Author: Pružinský, Michal, 1952-
Other Authors: Mucha, Martin
Format: Book Chapter
Language:English
Subjects:
Tags: Add Tag
No Tags, Be the first to tag this record!

MARC

LEADER 00000naa$a2200000$$$4500
001 0260939
005 20240502074136.2
041 0 |a eng 
044 |a SK 
245 1 0 |a Business of University Students  |c Michal Pružinský, Martin Mucha 
500 |a abstrakt 
610 2 0 |a študenti 
610 2 0 |a školy vysoké 
610 2 0 |a podnikanie 
610 2 0 |a vzdelávanie 
100 1 |a Pružinský, Michal, 1952- 
700 1 |a Mucha, Martin